Countries that failed to ratify the ICCPR human rights treaty - Statistics

General Stats
  • This quiz has been taken 67 times
  • The average score is 9 of 23
Answer Stats
Hint Answer % Correct
Asia China
83%
North America Cuba
60%
Asia Saudi Arabia
60%
Oceania Tonga
51%
Asia United Arab Emirates
49%
Asia Oman
47%
Europe Vatican City
43%
Oceania Kiribati
40%
Oceania Nauru
40%
Oceania Federated States of Micronesia
38%
Asia Myanmar
38%
Asia Bhutan
34%
Oceania Palau
34%
North America Saint Kitts and Nevis
34%
North America Saint Lucia
34%
Asia Brunei
32%
Europe Kosovo
32%
Oceania Solomon Islands
32%
Asia Taiwan
32%
Africa South Sudan
30%
Asia Singapore
28%
Asia Malaysia
23%
Africa Comoros
19%
No matching quizzes found
Score Distribution
Percent of People with Each Score
Percentile by Number Answered
Your Score History
You have not taken this quiz